00599nam a2200169Ia 4500008004100000020001800041041000800059082001600067100002200083245005100105250000600156260004500162300001300207650003400220999001900254952015600273210716s2014 xx 000 0 und d a9788184873993 aeng a515.35 GORG aGorain, Ganesh C. aIntroductory course on differential equations. a1 aNew DelhibNarosa Publishing Housec2014 axxiv,574 aDifference Equations(515.625) c194699d194699 00102ddc40708MCAaAIMITbAIMITd2024-09-30eNarosa Book Distributorsg550.00l0o515.35 GORGpMCA14207r2025-07-21 00:00:00v412.50w2021-07-16yBK